[Event "Brandenburg Seniors op 12th"]
[Site "Rowy"]
[Date "2003.06.21"]
[Round "5"]
[White "Jackowski, Ryszard"]
[Black "Notzke, Horst"]
[Result "1/2-1/2"]
[WhiteElo "1800"]
[BlackElo "1950"]
[PlyCount "86"]
[EventDate "2003.06.??"]
[EventType "swiss"]
[EventRounds "9"]
[EventCountry "POL"]
[SourceTitle "EXT 2006"]
[Source "ChessBase"]
[SourceDate "2005.11.24"]
[SourceVersion "1"]
[SourceVersionDate "2005.11.24"]
[SourceQuality "1"]

1. e4 d6 2. d4 g6 3. Nc3 Bg7 4. f4 Nf6 5. Nf3 e6 6. Be3 Nc6 7. Be2 Bd7 8. Qd2 a6 9. h3 0-0 10. 0-0 b5 11. a3 Na5 12. e5 Ne8 13. b3 Nb7 14. Rad1 c6 15. Ne4 Qc7 16. c4 f5 17. exd6 Nexd6 18. Nxd6 Nxd6 19. Ne5 Rad8 20. Bf3 bxc4 21. Nxc4 Nxc4 22. bxc4 Bc8 23. Qf2 Rd7 24. d5 cxd5 25. cxd5 e5 26. d6 Qd8 27. Bb6 Qf6 28. fxe5 Qxe5 29. Rfe1 Qb5 30. Bd5+ Kh8 31. Be6 Rb7 32. Bc5 Bxe6 33. Rxe6 Rd8 34. Qe3 f4 35. Qf2 Rf7 36. Rde1 h6 37. Rxg6 f3 38. g3 Re8 39. Rge6 Rxe6 40. Rxe6 Qc4 41. Re1 Bf6 42. Rd1 Bh4 43. Bd4+ Kh7 1/2-1/2